000 00668cam a2200217 4500
001 24612
003 BD-RJUL
005 20211209001056.0
008 140315n19671906enk 00| 0 eng
035 _a(BD-RJUL)24681
040 _aBD-RjUL
_beng
_cBD-RjUL
041 _aeng
082 _a942
_bMAH 1967
100 1 _aMacaulay
_d1800-1859.
_975752
245 1 0 _aHistory of England :
_cIntrod. by Douglas Jerrold
_bfrom the accession of James II /
_pV-2
260 _aLondon :
_cc1906 [reprinting 1967]
_bEveryman's library,
300 _a668 p. ;
_c15 cm.
651 0 _aGreat Britain
_xHistory
_975753
740 _aMacaulay's history of England
942 _2ddc
_cBK
999 _c24612
_d24612